Diccionario de política

Сохранить в:
Библиографические подробности
Главный автор: Bobbio, Norberto (autor)
Другие авторы: Matteucci, Nicola (autor), Pasquino, Gianfranco (autor)
Формат:
Язык:испанский
Опубликовано: Ciudad de México Siglo Veintiuno 2005
Редактирование:14a. ed
Предметы:
Метки: Добавить метку
Нет меток, Требуется 1-ая метка записи!

MARC

LEADER 00000nam a2200000 a 4500
001 UCH2325
003 CL-VaPUC
008 090611e20050000MX |||||||||||||||||spa|d
020 |a 96823100423o.c 
020 |a 9789682316693v.1 
082 0 4 |a 320.03  |b BOB  |2 21 
100 |a Bobbio, Norberto  |e autor  |9 257371 
700 |a Matteucci, Nicola  |e autor  |9 588264 
700 |a Pasquino, Gianfranco  |e autor  |9 592533 
245 1 0 |a Diccionario de política 
250 |a 14a. ed 
300 |a 2 v 
942 |c BK 
945 |d 20090611 00:00:00  |a rbrito 
260 |a Ciudad de México  |b Siglo Veintiuno  |c 2005 
500 |a v.1: A-J 
500 |a v.2: L-Z 
650 7 |a POLITICA DICCIONARIOS  |2 CL-VaPUC  |9 537097 
583 |a last modification  |c 20090611 00:00:00  |k Rodrigo Vera 
999 |c 334095  |d 334093 
952 |0 0  |1 0  |4 0  |6 320_030000000000000_BOB_2005  |7 0  |8 X  |9 422912  |a BIBHIS  |b BIBHIS  |d 2019-11-22  |h v.1  |i 4560752  |o 320.03 BOB 2005  |p 4560752  |r 2024-01-30  |w 2019-11-22  |y BK_X  |k HIS 
952 |0 0  |1 0  |4 0  |6 320_030000000000000_BOB_2005  |7 0  |8 X  |9 422913  |a BIBHIS  |b BIBHIS  |d 2019-11-22  |h v.2  |i 4560760  |o 320.03 BOB 2005  |p 4560760  |r 2024-01-30  |w 2019-11-22  |y BK_X  |k HIS